| 000 | 01668nam a22002417a 4500 | ||
|---|---|---|---|
| 003 | PILC | ||
| 005 | 20240321155940.0 | ||
| 008 | 240321b |||||||| |||| 00| 0 eng d | ||
| 010 | _aAcc#48630 | ||
| 020 | _a9780802490797 | ||
| 040 | _cPhilippine Baptist Theological Seminary | ||
| 050 |
_aBT 821.3 _bB46 2006 |
||
| 100 |
_aBenware, Paul N. _eAuthor |
||
| 245 | _aUnderstanding end times prophecy: a comprehensive approach / | ||
| 250 | _aRevised and expanded. | ||
| 264 |
_aChicago, U.S.A. : _bMoody Publishers, _c©2006. |
||
| 300 |
_a421 pages ; _c23 cm. |
||
| 504 | _aIncludes bibliographical references and indexes. | ||
| 505 | _aPart 1: Understanding the basics of bible prophecy Interpreting bible prophecy -- The Abrahamic covenant -- The Palestinian, Davidic, and New covenants -- Part 2: Understanding the major views of Bible prophecy Dispensational theology and covenant theology -- The view of premillennialism -- The church and the nation of Israel -- The view of Amillennialism -- The view of postmillennialism -- The view of Preterism -- The kingdom of God -- An overview of future events -- Part 3: Understanding the coming prophetic events The pretribulational rapture view -- The post tribulational rapture view -- Other rapture views: partial rapture, Midtribulational rapture, Pre-wrath rapture -- Daniel's seventieth week (the tribulation period) -- The coming judgments and resurrections -- The future kingdom of God -- Part 4: Understanding the future of the individual death and the intermediate state -- The final eternal state -- | ||
| 650 | _aEschatology | ||
| 700 | _aForeword by Charles Ryrie | ||
| 942 |
_2lcc _cCB |
||
| 999 |
_c74687 _d74687 |
||